[Event "Beirut op 10th"]
[Site "Beirut"]
[Date "2019.04.29"]
[Round "4"]
[White "Hasan, Ali"]
[Black "Kabalan, Farah"]
[Result "1/2-1/2"]
[WhiteElo "1763"]
[BlackElo "1602"]
[PlyCount "91"]
[EventDate "2019.04.25"]
[EventType "swiss"]
[EventRounds "9"]
[EventCountry "LBN"]
[SourceTitle "CBM 190 Extra"]
[Source "ChessBase"]
[SourceDate "2019.07.15"]
[SourceVersion "1"]
[SourceVersionDate "2019.07.15"]
[SourceQuality "1"]

1. d4 Nf6 2. e3 d5 3. Bd3 c5 4. c3 Nc6 5. f4 Bg4 6. Nf3 e6 7. 0-0 Bd6 8. Qe1 c4 9. Bc2 Bf5 10. Qe2 0-0 11. Ne5 Bxc2 12. Qxc2 Bxe5 13. fxe5 Ne4 14. Nd2 Nxd2 15. Bxd2 f6 16. exf6 Rxf6 17. e4 Rxf1+ 18. Rxf1 Qe7 19. Re1 Qf6 20. exd5 exd5 21. Rf1 Qg6 22. Qxg6 hxg6 23. Bg5 Re8 24. Rd1 Re2 25. Bd2 Ne7 26. Kf1 Re4 27. Kf2 Nf5 28. g3 Re6 29. Bf4 Kf7 30. g4 Nd6 31. Bxd6 Rxd6 32. h4 Re6 33. Kf3 Kf6 34. b3 b5 35. bxc4 bxc4 36. Rb1 Rb6 37. Rxb6+ axb6 38. Ke2 Ke6 39. Ke3 Ke7 40. Kd2 Kd6 41. Kc2 Kc6 42. Kb2 Kb5 43. Ka3 g5 44. hxg5 g6 45. Kb2 Ka4 46. a3 1/2-1/2